The US response to China's ASAT : an international security space alliance for the future /

Bibliographic Details
Main Author: Mastalir, Anthony J.
Corporate Author: Air University (U.S.). Air Force Research Institute
Format: Government Document eBook
Language:English
Published: Maxwell Air Force Base, Ala. : Air University Press, [2009]
Series:Drew paper ; no.8.
Subjects:
Online Access:https://purl.fdlp.gov/GPO/gpo30890

MARC

Tag First Indicator Second Indicator Subfields
LEADER 00000cam a2200000Ia 4500
001 in00002786595
005 20211120170327.0
006 m | d f
007 cr mn|||||||||
008 121105s2009 alua ob f000 0 eng c
035 |a (OCoLC)ocn815961233 
040 |a GPO  |c GPO  |d GPO  |d MvI  |d UtOrBLW 
049 |a WWW 
074 |a 0422-A-06 (online) 
086 0 |a D 301.26/29:8 
100 1 |a Mastalir, Anthony J. 
245 1 4 |a The US response to China's ASAT :  |b an international security space alliance for the future /  |c by Anthony J. Mastalir. 
246 3 |a U.S. response to China's ASAT :  |b an international security space alliance for the future 
246 3 |a US response to China's antisatellite weapon 
246 3 |a International security space alliance for the future 
264 1 |a Maxwell Air Force Base, Ala. :  |b Air University Press,  |c [2009] 
300 |a xiii, 120 pages :  |b illustrations ;  |c 25 cm. 
300 |a 1 online resource (xiii, 120 pages). 
336 |a text  |b txt  |2 rdacontent 
337 |a computer  |b c  |2 rdamedia 
338 |a online resource  |b cr  |2 rdacarrier 
490 1 |a Drew Paper ;  |v no.8 
500 |a "August 2009." 
500 |a Title from title screen (viewed on Nov. 5, 2012). 
504 |a Includes bibliographical references (pages 103-120). 
505 0 |a Introduction -- Extreme dimensions -- Political / diplomatic dimension -- Information dimension -- Economic dimension -- Military dimension -- Findings / Conclusion. 
500 |a Electronic resource. 
650 0 |a Astronautics  |x International cooperation. 
650 0 |a Astronautics and civilization. 
650 0 |a Astronautics and state. 
651 0 |a United States  |x Foreign relations  |z China. 
651 0 |a China  |x Foreign relations  |z United States. 
650 0 |a Anti-satellite weapons  |z China. 
710 2 |a Air University (U.S.).  |b Air Force Research Institute. 
776 0 8 |i Print version:  |a Mastalir, Anthony J.  |t US response to China's ASAT  |w (DLC) 2011431783  |w (OCoLC)700254138 
830 0 |a Drew paper ;  |v no.8. 
856 4 0 |u https://purl.fdlp.gov/GPO/gpo30890  |t 0 
999 |a MARS 
999 f f |s 014ca852-0de7-39c9-b4f9-9e947ba0f5f0  |i c36910d2-c2f2-3bff-82d2-f4459c010bab  |t 0 
952 f f |a Texas A&M University  |b College Station  |c Electronic Resources  |d Available Online  |t 0  |e D 301.26/29:8  |h Superintendent of Documents classification 
998 f f |a D 301.26/29:8  |t 0  |l Available Online